| 000 | 00620nam a2200241Ia 4500 | ||
|---|---|---|---|
| 003 | 0100 | ||
| 008 | 130303s9999 xx 000 0 und d | ||
| 020 | _a0137363982 | ||
| 040 | _cARRUPELIB | ||
| 050 | _aBL53.S625 1985 | ||
| 100 | _aSpilka, Bernard | ||
| 245 | 4 | _aThe psychology of religion | |
| 245 | _ban empirical approach | ||
| 260 | _aEnglewood Cliffs | ||
| 260 | _bPrentice-Hall | ||
| 260 | _C1985 | ||
| 300 | _a388p. | ||
| 300 | _b 23 cm. | ||
| 650 | _aRELIGION | ||
| 650 | _bEnglish language - Usage - Addresses, essays, lectures | ||
| 700 | _aHood, Ralph W ; Gorsuch, Richard L | ||
| 942 | 0 | 0 | _01 |
| 999 |
_c23591 _d23591 |
||